Los amantes desunidos
Saved in:
| Main Author: | |
|---|---|
| Format: | Book |
| Language: | Spanish |
| Published: |
Santiago
Zig-Zag
1968
|
| Edition: | 3a. ed |
| Series: | Narradores Chilenos
|
| Subjects: | |
| Tags: |
Add Tag
No Tags, Be the first to tag this record!
|
MARC
| LEADER | 00000nam a2200000 a 4500 | ||
|---|---|---|---|
| 001 | UCZ1514 | ||
| 003 | CL-VaPUC | ||
| 008 | 950824e19680000CL |||||||||||||||||spa|d | ||
| 082 | 0 | 4 | |a Ch863 |b REY |2 21 |
| 100 | 0 | |a Reyes, Salvador |e author |9 345077 | |
| 245 | 1 | 4 | |a Los amantes desunidos |
| 250 | |a 3a. ed | ||
| 300 | |a 288 p | ||
| 942 | |c BK | ||
| 945 | |d 19950824 00:00:00 |a rbrito | ||
| 260 | |a Santiago |b Zig-Zag |c 1968 | ||
| 650 | 0 | |a Novelas chilenas |9 265425 | |
| 583 | |a last modification |c 19950824 00:00:00 |k Rodrigo Vera | ||
| 490 | 0 | |a Narradores Chilenos | |
| 999 | |c 238254 |d 238252 | ||
| 952 | |0 0 |1 0 |4 0 |6 CH_863_000000000000000_REY_1968 |7 0 |8 A |9 248291 |a BIBEDU |b BIBEDU |d 2019-11-18 |i 3106586 |o Ch863 REY 1968 |p 3106586 |r 2019-11-18 |w 2019-11-18 |y BK |k LIT | ||